|
|
|
|
| LEADER |
01037nam a22002291a 4500 |
| 020 |
|
|
|a 9788187418399
|c 0.00
|
| 040 |
|
|
|a SSUS - Library - Kalady
|
| 082 |
|
|
|a 891.2
|b HIR/M
|
| 100 |
|
|
|a Hiralal Shukla
|
| 245 |
|
|
|a Modern sanskrit literature
|h [Text]
|
| 260 |
|
|
|a New Delhi
|b New Bharatiya Book Corporation
|c 2002
|
| 300 |
|
|
|a 297p.
|
| 600 |
|
|
|a Literature
|
| 600 |
|
|
|a Literature Sanskrit
|
| 852 |
|
|
|h 891.2
|i HIR/M
|p 042532
|9 500.00
|t 0
|
| 852 |
|
|
|h 891.2
|i HIR/M
|p 052410
|9 500.00
|t 0
|
| 942 |
|
|
|c BK
|
| 942 |
|
|
|c BK
|
| 999 |
|
|
|c 29228
|d 29228
|
| 952 |
|
|
|0 0
|1 0
|4 0
|6 891_200000000000000_HIR_M
|7 0
|9 42047
|a SSUS
|b SSUS
|c STACKS
|d 2017-11-16
|g 500.00
|l 6
|o 891.2 HIR/M
|p 042532
|r 2019-04-02
|s 2019-03-28
|v 0.00
|w 2015-01-08
|y BK
|
| 952 |
|
|
|0 0
|1 0
|4 0
|6 891_200000000000000_HIR_M
|7 0
|9 42048
|a SSUS
|b SSUS
|c STACKS
|d 2015-01-08
|g 500.00
|l 5
|o 891.2 HIR/M
|p 052410
|r 2018-05-08
|s 2018-04-26
|v 0.00
|w 2015-01-08
|y BK
|
| 952 |
|
|
|0 0
|1 0
|2 ddc
|4 0
|6 891_200000000000000_HIR_M
|7 0
|9 42049
|a SSUS
|b SSUS
|c STACKS
|d 2015-09-02
|g 500.00
|l 3
|o 891.2 HIR/M
|p 078587
|r 2020-01-30
|s 2020-01-16
|w 2015-09-02
|y BK
|